000 01984nam0a2200385 4500
001 RU\NLR\BIBL_A\022620195
005 20260420053249.0
010 _a978-5-6044887-8-2
_9500
021 _aRU
_bКН-П-25-043007
_9КН-П-25-4187
035 _a(NLR Aleph) 022620195
090 _a13684168
_c13684168
100 _a20250912d2024 u y0rusy50 ca
101 0 _arus
102 _aRU
105 _aac z 000zb
181 0 _ai3
_baxxe
182 0 _an
200 1 _aНадежда Бобова. Родом из Снегово
_eсборник
_fВсероссийское общество глухих
_gсоставитель: В. А. Паленный
203 _aТекст
_bвизуальный
_cнепосредственный
210 _aМосква
_cХорошо Принт
_d2024
215 _a156, [1] с., [8] л. цв. ил., цв. портр.
_cил., портр.
_d24
320 _aБиблиогр. в тексте
600 0 _aБобова
_bН. В.
_f1936 - 2023
_gНадежда Васильевна
_jБиографии
_92682704
_3RU\NLR\AUTH\6601761691
601 0 1 _aВсероссийское общество глухих
_bНижегородское региональное отделение
_xИстория
_92682701
_3RU\NLR\AUTH\6601761688
686 1 _aУ27(2)228-212.14(2Р-4Н)д
686 1 _aУ27(2)228(2Р-4Н)
702 1 _aБобова
_bН. В.
_f1936-2023
_gНадежда Васильевна
_4280
702 1 _aПаленный
_bВ. А.
_f1964-
_gВиктор Александрович
_4220
712 0 2 _4570
_aВсероссийское общество глухих
_9401059
_3RU\NLR\AUTH\889952527
712 0 2 _4570
_aВсероссийское общество глухих
_bНижегородское региональное отделение
_92682619
_3RU\NLR\AUTH\880633295
942 _cBOOK
980 _aNB